000 00411nam a2200157Ia 4500
008 210716s2002 xx 000 0 und d
020 _a8178085364
041 _aeng
082 _a005.1331 ELLM
100 _aEllis, Margaret A;Stroustrup, Bjarne.
245 _aAnnotated c++ reference manual.
250 _a1
260 _aNew Delhi
_bPearson Education
_c2002
300 _ax,470
650 _aC++ Progamming
999 _c185237
_d185237